Encounters fair & foul / (Record no. 130804)

MARC details
000 -LEADER
fixed length control field 00642nam a22002417a 4500
003 - CONTROL NUMBER IDENTIFIER
control field 0
005 - DATE AND TIME OF LATEST TRANSACTION
control field 20190305141123.0
008 - FIXED-LENGTH DATA ELEMENTS--GENERAL INFORMATION
fixed length control field 0
010 ## - LIBRARY OF CONGRESS CONTROL NUMBER
LC control number B-217404
020 ## - INTERNATIONAL STANDARD BOOK NUMBER
Terms of availability 300.00
International Standard Book Number 818808140
035 ## - SYSTEM CONTROL NUMBER
System control number B-217404 , B-217411,B-217431
037 ## - SOURCE OF ACQUISITION
Source of stock number/acquisition Cen Lib/Ret
040 ## - CATALOGING SOURCE
Original cataloging agency DPL
Language of cataloging EN
Transcribing agency 0
082 ## - DEWEY DECIMAL CLASSIFICATION NUMBER
Classification number N
Item number VAS
100 ## - MAIN ENTRY--PERSONAL NAME
Personal name Vasudeva, Pradeep
9 (RLIN) 30149
245 ## - TITLE STATEMENT
Title Encounters fair & foul /
Statement of responsibility, etc by Pradeep Vasudeva
260 ## - PUBLICATION, DISTRIBUTION, ETC. (IMPRINT)
Name of publisher, distributor, etc Dish prakashan
Place of publication, distribution, etc Delhi
Date of publication, distribution, etc 2006
270 ## - ADDRESS
City Delhi
Address 138/16, Onkar nagar-B, Tri nagar
Postal code 110035
300 ## - PHYSICAL DESCRIPTION
Extent 264p.
Dimensions 20cm(Hb)
650 ## - SUBJECT ADDED ENTRY--TOPICAL TERM
Topical term or geographic name as entry element Literature
9 (RLIN) 6262
650 ## - SUBJECT ADDED ENTRY--TOPICAL TERM
Topical term or geographic name as entry element Novel
9 (RLIN) 22513
942 ## - ADDED ENTRY ELEMENTS (KOHA)
Source of classification or shelving scheme Dewey Decimal Classification
Koha item type English Books
Classification part N
Call number suffix VAS
Holdings
Withdrawn status Lost status Damaged status Not for loan Home library Current library Date acquired Source of acquisition Cost, normal purchase price Total Checkouts Full call number Barcode Date last seen Copy number Cost, replacement price Price effective from Koha item type Public note Source of classification or shelving scheme Collection code
Written off       Central Library Central Library 10/07/2015 Cen Lib/Ret 300.00   N VAS B-217404 10/07/2015 1 300.00 10/07/2015 English Books Written off on approval by DLB (By Circulation); dtd 15-06-2023    
        Tri Nagar Tri Nagar 27/07/2018 BPPD/pub 300.00   N VAS B-217411 27/07/2018   300.00 27/07/2018 English Books   Dewey Decimal Classification Fiction
        Vigyan Vihar Vigyan Vihar 05/03/2019 BPPD/PUB 0.00   N VAS B-217431 05/03/2019   0.00 05/03/2019 English Books   Dewey Decimal Classification Fiction

© Delhi Public Library
Hit Counter
free hit counter